| 000 | 00722nam a2200229Ia 4500 | ||
|---|---|---|---|
| 001 | dia_6962 | ||
| 003 | CHAP | ||
| 005 | 20251029171803.0 | ||
| 008 | 220117s1973 xx 000 0 und d | ||
| 010 | _a178054 | ||
| 040 |
_cCHAP _amxchpua |
||
| 090 | _aF 317 1973 | ||
| 110 |
_aFAO _939428 |
||
| 245 | _aIndex of combined government comments on draft standards to be considered by Codex Committee on processed fruits and vegetables | ||
| 260 |
_aEstados Unidos de América : _b FAO :, _b WHO, _c1973 |
||
| 300 | _a47 h. | ||
| 440 |
_aJoint FAO WHO Standrds program _9162663 |
||
| 901 | _aF 317 1973 | ||
| 902 | _aM | ||
| 905 | _a0000001973 -us 0000000000eng00 | ||
| 942 |
_cFOLL _2local |
||
| 999 |
_c178054 _d178054 |
||